000 00711nam a22002057a 4500
005 20251108173341.0
008 250721s1998 xx 000 0 ara d
020 _a9771603272
082 1 4 _aط/500/لما
100 1 _aغالي، وجدي رزق
_eTran.
245 1 0 _aلماذا يواجه عباد الشمس الشمس؟ : أسئلة يوجهها الأطفال عن الطبيعة /
264 1 _aبيروت :
_bمكتبة لبنان ناشرون،
_c1998.
300 _a21ص.
490 0 _aسلسلة لماذا
650 1 7 _aالحيوانات
650 1 7 _aالعلوم الطبيعية
653 _a(سنوات 9-6) أطفال مرحلة متوسطة
942 _2ddc
_cBK
999 _c101892
_d101892